Specialists get off the ground (Record no. 68987)

MARC details
000 -LEADER
fixed length control field 01029cam a2200241 4500
001 - CONTROL NUMBER
control field ABS64791
008 - FIXED-LENGTH DATA ELEMENTS--GENERAL INFORMATION
fixed length control field 011203n2001 000 0 eng u
035 ## - SYSTEM CONTROL NUMBER
System control number (Sirsi) u115817
100 ## - MAIN ENTRY--PERSONAL NAME
Personal name Walter, M.
245 ## - TITLE STATEMENT
Title Specialists get off the ground
260 ## - PUBLICATION, DISTRIBUTION, ETC.
Date of publication, distribution, etc. 2001
490 ## - SERIES STATEMENT
Series statement New Civil Engineer
Volume/sequential designation (1418) 1 November 2001, 32,34(2)
520 ## - SUMMARY, ETC.
Summary, etc. Site investigation specialists will benefit from new guidelines outlining how far a contaminated site should undergo risk assessment or remediation. Government will publish the soil guideline values as part of the Contaminated Land Exposure Assessment (CLEA) programme - which will supersede previous technical policy laid down by the Inter-Departmental Committee on the Redevelopment of Contaminated Land.
590 ## - LOCAL NOTE (RLIN)
Local note ABS
650 ## - SUBJECT ADDED ENTRY--TOPICAL TERM
Topical term or geographic name entry element CONTAMINATED LAND
650 ## - SUBJECT ADDED ENTRY--TOPICAL TERM
Topical term or geographic name entry element REMEDIATION
650 ## - SUBJECT ADDED ENTRY--TOPICAL TERM
Topical term or geographic name entry element SITE INVESTIGATION SPECIALISTS
650 ## - SUBJECT ADDED ENTRY--TOPICAL TERM
Topical term or geographic name entry element SITE INVESTIGATION
650 ## - SUBJECT ADDED ENTRY--TOPICAL TERM
Topical term or geographic name entry element RISK ASSESSMENT
650 ## - SUBJECT ADDED ENTRY--TOPICAL TERM
Topical term or geographic name entry element GUIDANCE
690 ## - LOCAL SUBJECT ADDED ENTRY--TOPICAL TERM (OCLC, RLIN)
Topical term or geographic name as entry element ENVIRONMENT-CONTAMINATION
942 ## - ADDED ENTRY ELEMENTS (KOHA)
Suppress in OPAC 0
Holdings
Withdrawn status Lost status Source of classification or shelving scheme Damaged status Not for loan Home library Current library Shelving location Date acquired Total Checkouts Full call number Barcode Date last seen Copy number Price effective from Koha item type
    Dewey Decimal Classification     London London Journal article 03/12/2001   ABS64791 115817-1001 06/08/2019 1 06/08/2019 Journal article